004080000a22001210004500060000800000082002100008100001700029245015700046260003900203260000900242300000800251650002700259 a100 a589.204 2298 GAR aGarrett, S D aRoot disease fungi: a treatise on the epidemiology of soil borne disease in crop plants and a first exposition of the principles of root disease control aWaltham, Chronica Botanica Company c1944 a177 aFungi, Plant pathology